000 00553nam a2200229Ia 4500
003 0100
008 130307s9999 xx 000 0 und d
020 _a0883446634
040 _cARRUPELIB
050 _aBT83.57.G88413 1990
100 _aGutierrez, Gustavo
245 4 _aThe truth shall make you free
245 _bconfrontations
260 _aNew York
260 _bOrbis Books
260 _c1990
300 _axii
300 _b204p. 21cm.
650 _bThe enticement of religion
700 _aO'Connell, Matthew J. (tr.)
942 0 0 _01
999 _c94802
_d94802